Among Us - Locaties Airship - Statistieken

Algemene statistieken
  • Deze quiz is 5 keer genomen
    3 sinds de laatste reset
  • De gemiddelde score is 8 van 21
Antwoordstatistieken
Locatie % Correct
Security
100%
Medical
67%
Armory
33%
Brig
33%
{Cargo} Bay
33%
Cockpit
33%
Communications
33%
Electrical
33%
{Engine} Room
33%
{Gap} Room
33%
Kitchen
33%
Lounge
33%
{Main} Hall
33%
{Meeting} Room
33%
Outside
33%
Portrait {Gallery}
33%
Records
33%
Showers
33%
Vault
33%
Ventilation
33%
{Viewing} Deck
33%
Geen overeenkomende quizzen gevonden
Scoreverdeling
Procent van Mensen met Elke Score
Percentiel versus Aantal Correcte Antwoorden
Uw Scoregeschiedenis
U heeft deze quiz nog niet genomen sinds de laatste reset